Texas A&M B

Daniel Neylon, Dimitris Kalafatis, Dwight Solano, Robbie Hahn


Fine Arts - Classical Music66.6767%0%0%
Fine Arts - Other Fine Arts310.00100%0%0%
Fine Arts - Painting & Sculpture813.75100%25%13%
History - American History516.00100%60%0%
History - European History316.67100%67%0%
History - Other History611.6783%33%0%
History - World History510.0060%40%0%
Literature - American Literature412.50100%25%0%
Literature - British Literature611.67100%17%0%
Literature - European Literature913.3378%56%0%
Literature - World Literature410.00100%0%0%
Mythology714.2986%43%14%
Other410.0075%25%0%
Philosophy47.5075%0%0%
Religion320.00100%67%33%
Science - Biology410.00100%0%0%
Science - Chemistry310.00100%0%0%
Science - Other Science210.00100%0%0%
Science - Physics412.50100%25%0%
Social Science215.00100%50%0%